Responses for Show #8677 - Tuesday, July 5, 2022

Yungsheng Wang game 2.

Contestants

[<< previous game]

Jake Marvin, a banking analyst from Charlotte, North Carolina

Suzy Garver, an elementary school teacher originally from Eugene, Oregon

Yungsheng Wang, a public defender from Los Angeles, California (whose 1-day cash winnings total $22,800)

[next game >>]

Jeopardy! Round responses

IT HAPPENED IN JULY
A NUMBER BETWEEN 1 & 100
ANIMAL SOUNDS?
A NOVEL DEATH
THE III
STUCK IN THE MIDDLE WITH "Q"
(Mayim: Each response has a "Q" exactly in the middle.)
    $200 10
Armstrong

Suzy
    $200 20
30

Jake
    $200 16
the bark

Suzy
    $200 1
Dobby

Jake
    $200 30
Trey

Suzy
    $200 23
a prequel

Jake
    $400 11
(the Battle of) Gettysburg

Suzy
    $400 28
(Suzy: What is the 38th?)

the 44th

Yungsheng 永勝Suzy
    $400 17
a muumuu

Yungsheng 永勝
    $400 2
Rabbit

Jake
    $400 14
(Beverly Hills) 90210

Yungsheng 永勝
    $400 22
marquis

Suzy
    $600 7
Billy the Kid

Jake
    $2,400 19
(Jake: What is 90?)

78

Jake
    $600 18
roar

Jake
    $600 3
(Jake: What is Where the Red Fern Grows?)
(Suzy: What is, um, One Flew Over the Cuckoo's Nest?)

To Kill a Mockingbird

SuzyJake
Triple Stumper
    $600 15
Midnight Cowboy

Suzy
    $600 6
(Jake: What is delinquent?)

delinquency

Jake
Triple Stumper
    $800 12
John Lewis

Yungsheng 永勝
    $800 27
96

Yungsheng 永勝
    $800 24
squeak

Yungsheng 永勝
    $800 4
Algernon

Yungsheng 永勝
    $800 13
Jim Nantz

Jake
    $800 21
lacquer

Jake
    $1000 9
the National Health Service

Suzy
    $1000 8
26

Yungsheng 永勝
    $1000 25
(Suzy: What is, um... uh...)

per

Suzy
Triple Stumper
    $1000 5
Miss Jean Brodie

Jake
    $1000 26
the Byrds

Jake
    $1000 29
parquet

Yungsheng 永勝

Scores at the first commercial break (after clue 15):

Yungsheng 永勝 Suzy Jake
$3,000 $1,600 $1,800

Scores at the end of the Jeopardy! Round:

Yungsheng 永勝 Suzy Jake
$6,400 $1,000 $2,200

Double Jeopardy! Round responses

A DIP IN THE BAY
ECONOMICS
ACTRESSES IN THE SHOW
19th CENTURY TECHNOLOGY
THE ARTS
TOOL WORDS & PHRASES
    $400 9
Hudson Bay

Yungsheng 永勝
    $400 29
auctions

Yungsheng 永勝
    $400 15
Girls

Yungsheng 永勝
    $400 28
train cars

Jake
    $400 14
Cinderella

Suzy
    $400 22
an ax

Jake
    $800 8
Green Bay

Jake
    $800 4
supply

Jake
    $800 16
Orange is the New Black

Yungsheng 永勝
    $800 30
loom

Suzy
    $800 13
(Jake: What is Madame Butterfly?)

La bohème

SuzyJake
    $800 21
a drill

Suzy
    $1200 19
(Suzy: What is Massachusetts?)

Maine

SuzyJake
    $1200 20
Zimbabwe

Jake
    $1200 3
Parks and Recreation

Jake
    $1200 17
the surgical needle

Triple Stumper
    $1200 10
(Mayim: I think it's pretty good.)
[Fake laughter]

the 1812 Overture

Yungsheng 永勝
    $1200 26
chisel

Triple Stumper
    $1600 5
All Saints

Jake
    $1600 24
Adam Smith

Yungsheng 永勝
    $1600 2
Ozark

Suzy
    $1600 6
(Suzy: What's concrete?)

cement

Suzy
Triple Stumper
    $1600 11
Magritte

Yungsheng 永勝
    $1600 23
a screw

Triple Stumper
    $3,500 7
Tampa Bay

Jake
    $2000 25
a glut

Triple Stumper
    $2000 1
(Yungsheng: What is Dickinson?)

Hawkeye

Yungsheng 永勝
Triple Stumper
    $3,000 18
the printing press

Yungsheng 永勝
    $2000 12
Hagar

Suzy
    $2000 27
to hammer home

Yungsheng 永勝

Scores at the end of the Double Jeopardy! Round:

Yungsheng 永勝 Suzy Jake
$15,800 $4,600 $12,500

[wagering suggestions for these scores]

Final Jeopardy! Round responses

NATIONAL HISTORIC SITES
(Mayim: The theater where Lincoln was assassinated.)
SuzyWhat is the grassy knoll?
$4,599
JakeWhat is Watergate?
$12,500
Yungsheng 永勝What is Ford's Theater?
$9,201
Ford's Theater

Final scores:

Yungsheng 永勝 Suzy Jake
$25,001 $1 $0
2-day champion: $47,801 2nd place: $2,000 3rd place: $1,000

Game dynamics:

Coryat scores:

Yungsheng 永勝 Suzy Jake
$14,800 $4,600 $13,400
18 R
(including 1 DD),
1 W
13 R,
5 W
19 R
(including 1 DD),
4 W
(including 1 DD)

Combined Coryat: $32,800

[game clues] [game scores] [suggest correction]

Game tape date: 2022-05-05
The J! Archive is created by fans, for fans. Scraping, republication, monetization, and malicious use prohibited; this site may use cookies and collect identifying information. See terms. The Jeopardy! game show and all elements thereof, including but not limited to copyright and trademark thereto, are the property of Jeopardy Productions, Inc. and are protected under law. This website is not affiliated with, sponsored by, or operated by Jeopardy Productions, Inc. Join the discussion at JBoard.tv.